000 003060000a22000970004500
100 1 _aRichard, Pablo
245 1 0 _aDios ¿dónde estás? La búsqueda de Dios en el contexto actual de globalización
300 _aVol. 17, Num. 2 (Noviembre, 1997), Páginas 13-20
773 0 _tVida y pensamiento
942 _cANA
999 _c53078
_d53078